[Event "Groningen Harmonie op-B"]
[Site "Groningen"]
[Date "2002.??.??"]
[Round "8.2"]
[White "Janssen, Eddie"]
[Black "Johnson, Matthew"]
[Result "0-1"]
[WhiteElo "1679"]
[BlackElo "1777"]
[PlyCount "50"]
[EventDate "2002.12.21"]
[EventType "swiss"]
[EventRounds "9"]
[EventCountry "NED"]
[SourceTitle "EXT 2004"]
[Source "ChessBase"]
[SourceDate "2003.11.25"]
[SourceVersion "1"]
[SourceVersionDate "2003.11.25"]
[SourceQuality "1"]

1. d4 d5 2. Nf3 Nd7 3. Bg5 Ngf6 4. e3 c6 5. Bd3 e6 6. 0-0 Be7 7. Nbd2 c5 8. c3 h6 9. Bf4 Qb6 10. Rb1 Bd6 11. Ne5 Qc7 12. Ndf3 g5 13. Bg3 g4 14. Nxd7 Nxd7 15. Bxd6 Qxd6 16. Nh4 Rg8 17. f4 f5 18. Bb5 Qe7 19. g3 Kf7 20. Bxd7 Bxd7 21. Rc1 c4 22. Qd2 a5 23. Rce1 b5 24. e4 dxe4 25. d5 Qc5+ 0-1

[Event "Groningen Harmonie op-B"]
[Site "Groningen"]
[Date "2002.??.??"]
[Round "7.2"]
[White "Johnson, Matthew"]
[Black "Bontjer, Bernard"]
[Result "1-0"]
[WhiteElo "1777"]
[BlackElo "1773"]
[PlyCount "61"]
[EventDate "2002.12.21"]
[EventType "swiss"]
[EventRounds "9"]
[EventCountry "NED"]
[SourceTitle "EXT 2004"]
[Source "ChessBase"]
[SourceDate "2003.11.25"]
[SourceVersion "1"]
[SourceVersionDate "2003.11.25"]
[SourceQuality "1"]

1. e4 c5 2. Nf3 d6 3. c3 Nf6 4. Qc2 Bg4 5. Be2 Nc6 6. d3 e6 7. Be3 Qc7 8. Nbd2 h6 9. d4 cxd4 10. cxd4 Rc8 11. Rc1 Be7 12. b4 a6 13. a4 Qd7 14. b5 Na7 15. Qb1 Rxc1+ 16. Qxc1 axb5 17. d5 bxa4 18. Bxa7 0-0 19. 0-0 exd5 20. e5 Bxf3 21. Nxf3 Ne4 22. Bd4 b5 23. Qb2 Rb8 24. exd6 Bf6 25. Be5 b4 26. Rd1 Bxe5 27. Qxe5 Nc3 28. Re1 Nxe2+ 29. Rxe2 Rd8 30. Qxd5 Qxd6 31. Re8+ 1-0